000 00712nam a2200289Ia 4500
005 20260324130506.0
008 008 260324s9999 xx 000 0 eng d
020 _a9781315550770
037 _aEBOOK
040 _aCRL
040 _beng
040 _cCRL
041 _2eng
041 _aeng
084 _qCRL
100 _aStephanie Hemelryk Donald; John G. Gammack
_91181989
245 0 _aTourism and the Branded City
245 0 _bFilm and Identity on the Pacific Rim
260 _bTaylor and Francis
260 _c2007
365 _a
365 _b240
856 _uhttp://www.taylorfrancis.com/books/9781315550770
942 _cEBOOK
999 _c1778198
_d1778198